Концерт. Путешествие в Триест: новеллы; пер. с нем.

Dades bibliogràfiques
Autor principal: Ланге Х. Хартмут
Sumari:Новелла «Концерт» — это удивительная философская сказка, в аллегорической форме рассказывающая о вине и искуплении. Одиночество человека в переполненном мире людей — тема новеллы «Путешествие в Триест», которая принесла автору по-настоящему широкую известность. Минимализм — фирменный стиль писателя — придает повествованию динамичность и позволяет держать читателя в напряжении.
Idioma:rus
Publicat: Москва, Иностранка: БСГ-Пресс, 2003
Col·lecció:Иллюминатор
Библиотека журнала "Иностранная литература"
Matèries:
Format: MixedMaterials Llibre
KOHA link:https://koha.lib.tpu.ru/cgi-bin/koha/opac-detail.pl?biblionumber=102070

MARC

LEADER 00000nam0a2200000 4500
001 102070
005 20231031112834.0
010 |a 5941451156 
035 |a (RuTPU)RU\TPU\book\110070 
090 |a 102070 
100 |a 20060919d2003 m y0rusy50 ca 
101 1 |a rus  |c ger 
102 |a RU 
105 |a y z 000ay 
200 1 |a Концерт. Путешествие в Триест  |e новеллы  |e пер. с нем.  |f Х. Ланге 
210 |a Москва  |c Иностранка: БСГ-Пресс  |d 2003 
215 |a 207 с. 
225 1 |a Иллюминатор 
225 1 |a Библиотека журнала "Иностранная литература" 
330 |a Новелла «Концерт» — это удивительная философская сказка, в аллегорической форме рассказывающая о вине и искуплении. Одиночество человека в переполненном мире людей — тема новеллы «Путешествие в Триест», которая принесла автору по-настоящему широкую известность. Минимализм — фирменный стиль писателя — придает повествованию динамичность и позволяет держать читателя в напряжении. 
610 1 |a немецкая литература 
610 1 |a проза 
610 1 |a новеллы 
675 |a 83  |v 3 
700 1 |a Ланге  |b Х.  |g Хартмут 
801 1 |a RU  |b 63413507  |c 20060919  |g PSBO 
801 2 |a RU  |b 63413507  |c 20061221  |g PSBO 
942 |c BK 
959 |a 84/20060919  |d 1  |e 28,00  |f ХФ:1